|
|
|
|
| LEADER |
00000cam a2200000 c 4500 |
| 001 |
022476490 |
| 003 |
DE-627 |
| 005 |
20251219205634.0 |
| 007 |
tu |
| 008 |
890615s1966 xx ||||| 00| ||ger c |
| 016 |
7 |
|
|a 456610839
|2 DE-101
|
| 035 |
|
|
|a (DE-627)022476490
|
| 035 |
|
|
|a (DE-576)9022476499
|
| 035 |
|
|
|a (DE-599)GBV022476490
|
| 035 |
|
|
|a (OCoLC)5997894
|
| 040 |
|
|
|a DE-627
|b ger
|c DE-627
|e rakwb
|
| 041 |
|
|
|a ger
|
| 044 |
|
|
|c XA-DDDE
|
| 050 |
|
0 |
|a BL25
|
| 082 |
0 |
|
|a 200.8
|
| 084 |
|
|
|a 07a
|2 sdnb
|
| 084 |
|
|
|a 7,22
|a 1
|2 ssgn
|
| 084 |
|
|
|a GW 1005
|2 rvk
|0 (DE-625)rvk/44814:
|
| 084 |
|
|
|a BB 1850
|2 rvk
|0 (DE-625)rvk/9170:
|
| 245 |
0 |
0 |
|a Festschrift Walter Baetke
|b dargebracht zu seinem 80. Geburtstag am 28. März 1964
|c [hrsg. von Kurt Rudolph ...]
|
| 264 |
|
1 |
|a Weimar
|b Böhlau
|c 1966
|
| 300 |
|
|
|a 391, [14] S.
|b Ill.
|c 4°
|
| 336 |
|
|
|a Text
|b txt
|2 rdacontent
|
| 337 |
|
|
|a ohne Hilfsmittel zu benutzen
|b n
|2 rdamedia
|
| 338 |
|
|
|a Band
|b nc
|2 rdacarrier
|
| 601 |
|
|
|a Festschrift
|
| 601 |
|
|
|a Geburtstag
|
| 650 |
|
0 |
|a Religion
|
| 700 |
1 |
|
|0 (DE-588)119268132
|0 (DE-627)080072712
|0 (DE-576)211858935
|4 oth
|a Rudolph, Kurt
|d 1929-2020
|
| 700 |
1 |
|
|e GefeierteR
|0 (DE-588)118651854
|0 (DE-627)139048251
|0 (DE-576)160144582
|4 hnr
|a Baetke, Walter
|d 1884-1978
|
| 935 |
|
|
|a RFBW
|a mteo
|a FBGO
|
| 936 |
r |
v |
|a GW 1005
|b Festschriften
|k Germanistik. Niederlandistik. Skandinavistik
|k Skandinavistik
|k Festschriften
|0 (DE-627)1270924141
|0 (DE-625)rvk/44814:
|0 (DE-576)200924141
|
| 936 |
r |
v |
|a BB 1850
|b Festschriften für Personen
|k Theologie und Religionswissenschaften
|k Allgemeines zur Theologie
|k Sammelwerke
|k Festschriften für Personen
|0 (DE-627)1270653539
|0 (DE-625)rvk/9170:
|0 (DE-576)200653539
|
| 951 |
|
|
|a BO
|
| ELC |
|
|
|b 1
|
| LOK |
|
|
|0 000 xxxxxcx a22 zn 4500
|
| LOK |
|
|
|0 001 4488234186
|
| LOK |
|
|
|0 003 DE-627
|
| LOK |
|
|
|0 004 022476490
|
| LOK |
|
|
|0 005 20250127140627
|
| LOK |
|
|
|0 008 240220||||||||||||||||ger|||||||
|
| LOK |
|
|
|0 040
|a DE-Tue135
|c DE-627
|d DE-Tue135
|
| LOK |
|
|
|0 092
|o n
|
| LOK |
|
|
|0 852
|a DE-Tue135
|
| LOK |
|
|
|0 852 1
|9 00
|
| LOK |
|
|
|0 866
|x SPQUE#Reformationsgeschichtliche Forschungsbibliothek Wittenberg#SPSAM#Predigerseminar#SPUSM#Bestand(1952-2017)
|
| LOK |
|
|
|0 866
|x SPQUE#Forschungsbibliothek Gotha#SPSAM#Bestand Theologie (bis 2024-03)
|
| LOK |
|
|
|0 935
|a RFBW
|a bips
|a psnb
|a FBGO
|a goth
|
| LOK |
|
|
|0 939
|a 20-02-24
|b l01
|
| ORI |
|
|
|a SA-MARC-ixtheoa001.raw
|
| REL |
|
|
|a 1
|
| STA |
0 |
0 |
|a Religion,Religion in literature,Religions,Religion
|
| STB |
0 |
0 |
|a Religion,Religions,Religion
|
| STC |
0 |
0 |
|a Religión,Religión,Religión
|
| STD |
0 |
0 |
|a Religione,Religione,Religione
|
| STE |
0 |
0 |
|a 宗教,宗教
|
| STF |
0 |
0 |
|a 宗教,宗教
|
| STG |
0 |
0 |
|a Religião,Religião
|
| STH |
0 |
0 |
|a Религия,Религия (мотив)
|
| STI |
0 |
0 |
|a Θρησκεία,Θρησκεία (μοτίβο)
|
| SUB |
|
|
|a REL
|
| SYE |
0 |
0 |
|a Religion,Mystik,Mythologie
|